Entraîneurs de l'Équipe de France de Rugby - Statistiques

Statistiques générales
  • Ce quiz a été pris 179 fois
  • Le résultat moyen est 6 sur 13
Statistiques - réponses
Hint Réponse % Correct
2019- Fabien Galthié
97%
2015-2017 Guy Novès
83%
2007-2011 Marc Lièvremont
82%
2011-2015 Philippe Saint-André
82%
1999-2007 Bernard Laporte
79%
2018-2019 Jacques Brunel
74%
1991-1995 Pierre Berbizier
32%
1995-1999 Jean-Claude Skrela
27%
1981-1990 Jacques Fouroux
25%
1990-1991 Daniel Dubroca
10%
1963-1967 Jean Prat
9%
1973-1980 Jean Desclaux
6%
1968-1972 Fernand Cazenave
4%
Aucun quiz correspondant
Distribution des résultats
% des personnes avec chaque résultat
Percentile par nombre de réponses
Votre historique - résultats
Vous n’avez pas pris ce quiz